| 000 | 00374nam a2200145Ia 4500 | ||
|---|---|---|---|
| 008 | 210210b1972 xxu||||| |||| 00| 0 eng d | ||
| 082 | _a796.48 DEMS | ||
| 100 | _aDe MELLOW (Melville). | ||
| 245 | _aStory of the olympics. | ||
| 260 |
_aDelhi. _bNational Book Trust _c1972 |
||
| 300 | _a178 | ||
| 650 | _aOlympics | ||
| 690 | _aAthletic & Outdoor Sports | ||
| 906 | _a032779 | ||
| 999 |
_c83789 _d83789 |
||